000 00574cam a22001934a 4500
005 20250605163609.0
008 250528s ||||||||||||||||||||||||d
035 _a22469
020 _a9789606706516
040 _aGR-AtMCL
_bgre
_dGR-AtMCL
_eAACR2
245 1 _aΠΡΟΣΚΛΗΣΗ ΣΤΑ ΜΑΘΗΜΑΤΙΚΑ ΟΙΚΟΝΟΜΙΚΩΝ ΚΑΙ ΔΙΟΙΚΗΤΙΚΩΝ ΕΠΙΣΤΗΜΩΝ ΤΟΜΟΣ Α
250 _a1
260 _bΣοφια,
_c2012
300 _a758
700 1 _aΛουκακης Μανωλης
942 _cBK
999 _c7521
_d7521